Einsteins General Theory Of Relativity With Modern Applications In Cosmology (Record no. 531209)

000 -LEADER
fixed length control field 00393nam a2200133Ia 4500
008 - FIXED-LENGTH DATA ELEMENTS--GENERAL INFORMATION
fixed length control field 191014s9999 xx 000 0 und d
020 ## - INTERNATIONAL STANDARD BOOK NUMBER
International Standard Book Number 978-0-387-69199-2
082 ## - DEWEY DECIMAL CLASSIFICATION NUMBER
Classification number 530.11
Author Mark GRO
100 ## - MAIN ENTRY--PERSONAL NAME
Personal name Oyvind Gron Sigbjon hervik
9 (RLIN) 23716
245 #0 - TITLE STATEMENT
Title Einsteins General Theory Of Relativity With Modern Applications In Cosmology
260 ## - PUBLICATION, DISTRIBUTION, ETC.
Place of publication, distribution, etc. USA
Name of publisher, distributor, etc. Springer
Date of publication, distribution, etc. 2007
300 ## - PHYSICAL DESCRIPTION
Extent Xx,538
942 ## - ADDED ENTRY ELEMENTS (KOHA)
Koha item type Book
Holdings
Withdrawn status Lost status Damaged status Not for loan Permanent Location Current Location Date acquired Source of acquisition Cost, normal purchase price Total Checkouts Full call number Barcode Date last seen Price effective from Koha item type
        School of Natural Sciences (SNS) School of Natural Sciences (SNS) 10/15/2019 Donation 0.00   530.11GRO SNS0002986 10/15/2019 10/15/2019 Book
© 2023 Central Library, National University of Sciences and Technology. All Rights Reserved.